[Event "TUR-chT"]
[Site "Ankara"]
[Date "2024.07.26"]
[Round "15.27"]
[White "Ozer, Omer Faruk"]
[Black "Can, Emre"]
[Result "1/2-1/2"]
[WhiteElo "2337"]
[BlackElo "2540"]
[PlyCount "106"]
[EventDate "2024.07.14"]
[EventType "team-tourn"]
[EventRounds "15"]
[EventCountry "TUR"]
[SourceTitle "EXT 2025"]
[Source "ChessBase"]
[SourceDate "2024.10.14"]
[SourceVersion "1"]
[SourceVersionDate "2024.10.14"]
[SourceQuality "1"]
[WhiteTeam "Hufeder Fenerbahce"]
[BlackTeam "Bayegan Pendik"]
[WhiteTeamCountry "TUR"]
[BlackTeamCountry "TUR"]

1. e4 c5 2. Nf3 Nc6 3. Bb5 Nf6 4. Bxc6 dxc6 5. Nc3 Qc7 6. d3 e5 7. 0-0 Be7 8. Be3 Bg4 9. Nb1 c4 10. Nbd2 cxd3 11. cxd3 0-0 12. Qc2 Rad8 13. h3 Bc8 14. Nc4 Nd7 15. d4 exd4 16. Nxd4 Nb6 17. b3 Nxc4 18. Qxc4 Qe5 19. Nf3 Qa5 20. Qc2 h6 21. Rfd1 Rfe8 22. Nd2 Qc7 23. a4 b6 24. Rac1 Bb7 25. a5 Bb4 26. axb6 axb6 27. Qc4 Qe7 28. e5 c5 29. Qb5 Qe6 30. Nf1 Rd5 31. Bf4 Red8 32. Rxd5 Rxd5 33. Bg3 Qc6 34. Qxc6 Bxc6 35. Ra1 Rd3 36. Ra6 Ba5 37. Ne3 Bb5 38. Ra7 Rxb3 39. e6 fxe6 40. Be5 Bc3 41. Rxg7+ Kf8 42. Bxc3 Rxc3 43. Rb7 Rc1+ 44. Kh2 Bd3 45. Rxb6 Ke7 46. Rb7+ Kd6 47. Rb6+ Kd7 48. Ng4 c4 49. Ne5+ Ke7 50. Rc6 Be2 51. Ng6+ Kd7 52. Ne5+ Ke7 53. Ng6+ Kd7 1/2-1/2

[Event "TUR-chT"]
[Site "Ankara"]
[Date "2024.07.20"]
[Round "8.45"]
[White "Can, Emre"]
[Black "Buyukasik, Diyap"]
[Result "1-0"]
[WhiteElo "2540"]
[BlackElo "2225"]
[PlyCount "59"]
[EventDate "2024.07.14"]
[EventType "team-tourn"]
[EventRounds "15"]
[EventCountry "TUR"]
[SourceTitle "EXT 2025"]
[Source "ChessBase"]
[SourceDate "2024.10.14"]
[SourceVersion "1"]
[SourceVersionDate "2024.10.14"]
[SourceQuality "1"]
[WhiteTeam "Bayegan Pendik"]
[BlackTeam "Beyazkale Dernegi"]
[WhiteTeamCountry "TUR"]
[BlackTeamCountry "TUR"]

1. e4 e5 2. Nf3 Nc6 3. Bb5 a6 4. Ba4 Nf6 5. 0-0 b5 6. Bb3 Be7 7. d3 d6 8. c3 0-0 9. h3 Nb8 10. a4 Bb7 11. axb5 axb5 12. Rxa8 Bxa8 13. Na3 c6 14. Re1 Nbd7 15. d4 Qb8 16. Bg5 h6 17. Bh4 Re8 18. Ba2 Bd8 19. Bb1 Nf8 20. Bg3 Bc7 21. Nh4 exd4 22. cxd4 b4 23. Nc4 d5 24. Bxc7 Qxc7 25. e5 dxc4 26. exf6 Rxe1+ 27. Qxe1 g6 28. Qe7 Qf4 29. Nxg6 Nxg6 30. Qe8+ 1-0

[Event "TUR-chT"]
[Site "Ankara"]
[Date "2024.07.16"]
[Round "3.15"]
[White "Can, Emre"]
[Black "Aydincelebi, Kagan"]
[Result "1/2-1/2"]
[WhiteElo "2540"]
[BlackElo "2303"]
[PlyCount "105"]
[EventDate "2024.07.14"]
[EventType "team-tourn"]
[EventRounds "15"]
[EventCountry "TUR"]
[SourceTitle "EXT 2025"]
[Source "ChessBase"]
[SourceDate "2024.10.14"]
[SourceVersion "1"]
[SourceVersionDate "2024.10.14"]
[SourceQuality "1"]
[WhiteTeam "Bayegan Pendik"]
[BlackTeam "Karaman Futbol"]
[WhiteTeamCountry "TUR"]
[BlackTeamCountry "TUN"]

1. e4 c5 2. Nf3 Nc6 3. Bb5 Nf6 4. Nc3 Nd4 5. e5 Nxb5 6. Nxb5 Nd5 7. 0-0 a6 8. c4 Nc7 9. Nxc7+ Qxc7 10. d4 cxd4 11. Qxd4 e6 12. Rd1 b6 13. Be3 Rb8 14. Ng5 Be7 15. Ne4 0-0 16. Bg5 Bxg5 17. Nxg5 f6 18. exf6 Rxf6 19. Ne4 Rf4 20. g3 Rf8 21. Qd6 Qxd6 22. Nxd6 Bb7 23. a4 Bf3 24. Rd3 a5 25. b3 g5 26. Re1 h6 27. Ree3 Bc6 28. Kf1 Rf6 29. f3 Rbf8 30. Ke2 Kg7 31. Nb5 Kf7 32. Na7 Ke7 33. Nxc6+ dxc6 34. Rd2 Rd8 35. Rxd8 Kxd8 36. Kd3 c5 37. Ke4 Ke7 38. Rd3 h5 39. Rd2 Rf8 40. Rd1 Rf7 41. Rf1 h4 42. f4 hxg3 43. hxg3 gxf4 44. Rxf4 Rg7 45. Kf3 Rg8 46. Rh4 Kf6 47. Rh7 Rd8 48. Ke3 Kf5 49. Rf7+ Ke5 50. Rb7 Rd6 51. Rb8 Kf5 52. Rb7 Ke5 53. Rb8 1/2-1/2

[Event "TUR-chT"]
[Site "Ankara"]
[Date "2024.07.15"]
[Round "2.34"]
[White "Can, Emre"]
[Black "Tarlabasi, Emirhan"]
[Result "1-0"]
[WhiteElo "2540"]
[BlackElo "2308"]
[PlyCount "77"]
[EventDate "2024.07.14"]
[EventType "team-tourn"]
[EventRounds "15"]
[EventCountry "TUR"]
[SourceTitle "EXT 2025"]
[Source "ChessBase"]
[SourceDate "2024.10.14"]
[SourceVersion "1"]
[SourceVersionDate "2024.10.14"]
[SourceQuality "1"]
[WhiteTeam "Bayegan Pendik"]
[BlackTeam "Tas Duvar"]
[WhiteTeamCountry "TUR"]
[BlackTeamCountry "TUR"]

1. e4 e6 2. d4 d5 3. e5 c5 4. c3 Nc6 5. Nf3 Qb6 6. Bd3 cxd4 7. 0-0 Bd7 8. Re1 a6 9. Nbd2 Nge7 10. Rb1 Ng6 11. Nb3 Qc7 12. Qe2 dxc3 13. bxc3 Be7 14. Nbd4 Bc5 15. h4 h6 16. h5 Nge7 17. Nb3 Na5 18. Nxc5 Qxc5 19. Be3 Qa3 20. Nd4 Nec6 21. Nb3 Nxb3 22. Rxb3 Qa4 23. Bc5 Na5 24. Rb4 Qc6 25. Bd6 b5 26. Rg4 Nb7 27. Ba3 0-0-0 28. Rxg7 Kb8 29. Rxf7 Qxc3 30. Be7 Be8 31. Rf4 Bxh5 32. Qf1 Rc8 33. a4 Nc5 34. Bxb5 axb5 35. Qxb5+ Ka7 36. Rb1 Rh7 37. Qb6+ Ka8 38. Rf8 Rxf8 39. Qc6+ 1-0

[Event "Dubai op-A 24th"]
[Site "Dubai"]
[Date "2024.05.29"]
[Round "5"]
[White "Can, Emre"]
[Black "Dai, Changren"]
[Result "1/2-1/2"]
[WhiteElo "2549"]
[BlackElo "2510"]
[PlyCount "115"]
[EventDate "2024.05.25"]
[EventType "swiss"]
[EventRounds "9"]
[EventCountry "UAE"]
[SourceTitle "CBM 220 Extra"]
[Source "ChessBase"]
[SourceDate "2024.07.31"]
[SourceVersion "1"]
[SourceVersionDate "2024.07.31"]
[SourceQuality "1"]

1. e4 e5 2. Nf3 Nc6 3. Bb5 a6 4. Ba4 Nf6 5. 0-0 Be7 6. d3 b5 7. Bb3 d6 8. c3 0-0 9. h3 h6 10. Re1 Re8 11. Nbd2 Bf8 12. Nf1 Na5 13. Bc2 c5 14. Ng3 Bb7 15. d4 cxd4 16. cxd4 exd4 17. Nxd4 Qc7 18. Bf4 Nc4 19. Ndf5 Nxb2 20. Qd4 Qxc2 21. Rac1 Qa4 22. Qxb2 Bxe4 23. Nxh6+ gxh6 24. Qxf6 Bg7 25. Qxd6 Bg6 26. Rxe8+ Rxe8 27. Qd7 Rf8 28. Qd2 Kh7 29. h4 h5 30. Rc5 Qd4 31. Qxd4 Bxd4 32. Rd5 Bf6 33. Bg5 Bg7 34. Bd8 Re8 35. f4 Bb1 36. a3 Ba2 37. Rxh5+ Kg8 38. Bb6 Re6 39. Bc5 Rc6 40. Bb4 Bd4+ 41. Kh2 Be3 42. Rg5+ Rg6 43. Nh5 Rxg5 44. fxg5 Bd4 45. g4 Bb2 46. Kg3 a5 47. Bxa5 Bxa3 48. Nf6+ Kf8 49. Bc7 Bb2 50. Bd6+ Kg7 51. Ne4 Bd5 52. Kf4 Bc1+ 53. Ke5 Be6 54. Nf6 Bb2+ 55. Kf4 Bxf6 56. gxf6+ Kxf6 57. Be5+ Kg6 58. Bc3 1/2-1/2

[Event "Dubai op-A 24th"]
[Site "Dubai"]
[Date "2024.05.28"]
[Round "4"]
[White "Jumabayev, Rinat"]
[Black "Can, Emre"]
[Result "1/2-1/2"]
[WhiteElo "2595"]
[BlackElo "2549"]
[PlyCount "61"]
[EventDate "2024.05.25"]
[EventType "swiss"]
[EventRounds "9"]
[EventCountry "UAE"]
[SourceTitle "CBM 220 Extra"]
[Source "ChessBase"]
[SourceDate "2024.07.31"]
[SourceVersion "1"]
[SourceVersionDate "2024.07.31"]
[SourceQuality "1"]

1. d4 d5 2. c4 e6 3. Nf3 Nf6 4. g3 Bb4+ 5. Bd2 Be7 6. Bg2 0-0 7. 0-0 Nbd7 8. Qc2 c6 9. Rc1 a5 10. a3 h6 11. Bf4 Nh5 12. Be3 Nhf6 13. Bh3 b6 14. cxd5 cxd5 15. Nc3 Ba6 16. a4 Rc8 17. Qd1 Nb8 18. Ne5 Nfd7 19. Nd3 Nc6 20. Nb5 Nf6 21. Qb3 Qd7 22. Ne5 Nxe5 23. dxe5 Ne4 24. Bxb6 Bc5 25. Bxc5 Nxc5 26. Qa3 Bxb5 27. Rxc5 Bxe2 28. Re1 Rxc5 29. Qxc5 Rc8 30. Qxa5 Rc2 31. Qb4 1/2-1/2